Пиксар - филмови - Statistics

General Stats
  • This quiz has been taken 138 times
    108 since last reset
  • The average score is 12 of 26
Answer Stats
Година Филм % Correct
1995 Прича о играчкама
78%
1999 Прича о играчкама 2
78%
2010 Прича о играчкама 3
78%
2019 Прича о играчкама 4
78%
2009 До неба
63%
2006 Аутомобили
59%
2011 Аутомобили 2
59%
2017 Аутомобили 3
59%
2013 Универзитет за монструме
55%
2015 У мојој глави
51%
2001 Чудовишта из ормара
51%
2008 Воли
42%
2003 У потрази за Немом
42%
2020 Душа
37%
2017 Коко
37%
2004 Невиђени
37%
2018 Невиђени 2
37%
2007 Мућкалица
34%
2016 У потрази за Дори
33%
2021 Лука
32%
1998 Живот буба
32%
2012 Храбра Мерида
29%
2022 Поцрвенела панда
26%
2022 Баз Светлосни
19%
2020 Напред
18%
2015 Добри диносаурус
14%
No matching quizzes found
Score Distribution
Percent of People with Each Score
Percentile by Number Answered
Your Score History
You have not taken this quiz since the last reset